| 000 | 00988nam a2200265 a 4500 | ||
|---|---|---|---|
| 001 | BRCA_8826 | ||
| 005 | 20190320210428.0 | ||
| 008 | 050517s1764----sp-#######---#000-0#spa-# | ||
| 041 | _aspa | ||
| 044 | _asp | ||
| 084 |
_aBE207 _b.A43 1764 |
||
| 100 | 1 |
_aAmbrosio, Carlos _921999 |
|
| 245 | 1 | 0 |
_aExercicios espirituales de S. Ignacio, obra posthuma _cescrita en italiano por el P. Carlos Ambrosio; y traducida al español por el P. Pedro Lozano. |
| 260 |
_aMadrid _bEn la Imprenta de D. Gabriel Ramírez, y à su costa _c1764 |
||
| 300 |
_a[4], [4], 406 p. _c15.2 x 10 cm. |
||
| 500 | _aCon las licencias necesarias | ||
| 500 | _aCon una anotación en la portada | ||
| 500 | _aEstado físico. presenta encuadernación en pergamino desprendido, carece de cintas y algunas hojas manchadas | ||
| 650 | 1 | 4 |
_aOraciones _922000 |
| 650 | 1 | 4 |
_aEjercicios _922001 |
| 700 | 1 |
_aRamírez, Gabriel _eImpresor _922002 |
|
| 700 | 1 |
_aLozano, Pedro _etr. _922003 |
|
| 902 | _aCFM | ||
| 942 |
_2lcc _cB |
||
| 999 |
_c8477 _d8477 |
||